| 000 | 00675nam a2200229 a 4500 | ||
|---|---|---|---|
| 001 | 72698 | ||
| 003 | BD-RjUL | ||
| 005 | 20211209082311.0 | ||
| 008 | 170523r19611955enka 001 0 eng d | ||
| 035 | _a(BD-RjUL)72916 | ||
| 040 |
_aFQG _dOCL _dEQO _dBD-RjUL _beng _cBD-RjUL |
||
| 041 | _aeng | ||
| 082 |
_223 _a585.2 _bJAI 1961 |
||
| 090 |
_aQK494.5.C75 _bJ3 |
||
| 100 | 1 |
_aJackson, A. Bruce _q(Albert), _d1876-1947. _9215046 |
|
| 245 | 1 | 4 |
_aThe identification of conifers / _cby A. Bruce Jackson |
| 260 |
_aLondon : _bE. Arnold, _c1946 [reprinted 1961] |
||
| 300 |
_avii, 152 p. : _bill. ; _c19 cm |
||
| 500 | _aIncludes index | ||
| 650 | 0 |
_aConifers _9215047 |
|
| 942 |
_2ddc _cBK |
||
| 999 |
_c72698 _d72698 |
||